000 00561 a2200169 4500
999 _c5428
_d5428
010 _aENG-86855
020 _a8179940357
_c25.00
035 _aEN-70388
037 _bDBAD / PUB
082 1 4 _a230.65
100 1 _aKashyap, R.L.
245 1 _aEssence of tantra :
_cby R.L.Kashyap
_bYajur veda /
260 _aBangalore
_bSri Aurobindo Kapali Sastry Inst. of Vedic Culture
_c2005
270 _a 63, 13th Main, 4th Block East, Jayanagar
_bBangalore
_e560 011
_minfo@vedah.com
300 _avi, 58p
_c21cm (Pbk)
942 _adpl
_cEN
_2ddc
_h230.65
_mKAS